| 000 | 00796nam a2200193 i 4500 | ||
|---|---|---|---|
| 001 | 23957 | ||
| 003 | ES-MaACL | ||
| 005 | 20230906152950.0 | ||
| 007 | t| | ||
| 008 | 021213s1880 po ||||1| por d | ||
| 110 | 2 |
_aAcademia das Ciências de Lisboa. _91159 |
|
| 245 | 1 | 0 |
_aSessão publica da Academia Real das Sciencias de Lisboa em 9 de junho de 1880 / _callocução do Vice-Presidente Interino João de Andrade Corvo e relatorio dos trabalhos da Academia pelo Secretario Geral Interino José María Latino Coelho. |
| 260 |
_aLisboa : _b[s.n.], _c1880 ( _fTyp. da Academia) |
||
| 300 |
_aXLVIII, 95 p. ; _c22 cm. |
||
| 700 | 1 |
_aCorvo, João de Andrade. _921523 |
|
| 700 | 1 |
_aCoelho, José María Latino ( _d1825-1891) _9126522 |
|
| 852 |
_aES-MaACL _jT-430-F-2 |
||
| 852 |
_aES-MaACL _jT-431-F-1 |
||
| 999 |
_c23957 _d23957 |
||